000 00298nam a22001337a 4500
008 170601b xxu||||| |||| 00| 0 eng d
020 _a9780312489472
041 _aeng
080 _24TH
_a94(7/8)
100 _a17
101 _aSHH
245 _aTHE AMERICAN PROMISE
_cROARK,J.L
942 _2udc
_cBK
999 _c15443
_d15443